Física

Сохранить в:
Библиографические подробности
Главные авторы: Resnick, Robert (Автор), Halliday, David (Автор), Krane, Kenneth S (Автор)
Формат:
Язык:испанский
Опубликовано: Ciudad de México Patria 2002
Редактирование:4a. ed
Предметы:
Метки: Добавить метку
Нет меток, Требуется 1-ая метка записи!

MARC

LEADER 00000cam a2200000 a 4500
001 UCL3535
003 CL-VaPUC
005 20250225094620.0
008 031128e20020000MX |||||||||||||||||spa|d
999 |c 306561  |d 306559 
020 |a 9702402573v.1 
020 |a 970240326Xv.2 
040 |c Pontificia Universidad Católica de Valparaíso 
082 0 4 |a 530  |b RES  |2 21 
100 0 |a Resnick, Robert  |e author  |9 320453 
245 1 0 |a Física 
250 |a 4a. ed 
260 |a Ciudad de México  |b Patria  |c 2002 
300 |a 2 v 
583 |a last modification  |c 20131014 04:12:24  |k Rodrigo Vera 
650 0 |a Vectores  |x Conceptos  |9 317184 
650 0 |a Movimiento   |9 350128  |x Oscilaciones  |x Ondas  |x Amplitud   |x Frecuencia 
650 0 |a Leyes de Newton  |9 259431  |x Fuerza 
650 0 |a Energía  |9 260942  |x Energía Cinética  |x Energía potencial  |x Entropía  |x Termodinámica 
650 0 |a Electrostática  |x Campo Eléctrico   |9 891852 
650 0 |a Energía  |9 259431 
650 0 |a Capacitancia  |x Circuito Eléctrico   |9 891853 
650 0 |a Magnetismo   |9 260336 
650 0 |a Óptica  |9 263171 
650 0 |a Física Nuclear  |x Física de Partículas  |9 891854 
700 0 |a Halliday, David  |e author  |9 320454 
700 |a Krane, Kenneth S  |e author  |9 480848 
942 |c BK  |2 ddc 
945 |d 20031128 00:00:00  |a cmena 
952 |0 0  |1 0  |2 ddc  |4 0  |6 530_000000000000000_RES_2002  |7 0  |8 A  |9 371628  |a BIBCUR  |b BIBCUR  |d 2019-11-21  |h v.1  |i 3926273  |l 17  |m 17  |o 530 RES 2002  |p 3926273  |r 2025-04-22  |s 2024-10-15  |w 2019-11-21  |y BK  |k FIS 
952 |0 0  |1 0  |2 ddc  |4 0  |6 530_000000000000000_RES_2002  |7 0  |8 A  |9 371629  |a BIBCUR  |b BIBCUR  |d 2019-11-21  |h v.2  |i 3926281  |l 10  |m 4  |o 530 RES 2002  |p 3926281  |r 2025-04-22  |s 2024-09-13  |w 2019-11-21  |y BK  |k FIS 
952 |0 0  |1 0  |2 ddc  |4 0  |6 530_000000000000000_RES_2002  |7 0  |8 A  |9 371631  |a BIBCUR  |b BIBCUR  |d 2019-11-21  |h v.2  |i 400759K  |l 22  |m 18  |o 530 RES 2002  |p 400759K  |r 2025-04-22  |s 2024-11-20  |w 2019-11-21  |y BK  |k FIS 
952 |0 0  |1 0  |2 ddc  |4 0  |6 530_000000000000000_RES_2002  |7 0  |8 A  |9 371632  |a BIBING  |b BIBING  |c RES  |d 2019-11-21  |h v.1  |i 4742419  |o 530 RES 2002  |p 4742419  |r 2025-01-20  |w 2019-11-21  |y BK  |k CCL 
952 |0 0  |1 0  |2 ddc  |4 0  |6 530_000000000000000_RES_2002  |7 0  |8 A  |9 371633  |a BIBING  |b BIBING  |c RES  |d 2019-11-21  |h v.1  |i 4742427  |o 530 RES 2002  |p 4742427  |r 2025-01-20  |w 2019-11-21  |y BK  |k CCL 
952 |0 0  |1 0  |2 ddc  |4 0  |6 530_000000000000000_RES_2002  |7 0  |8 A  |9 371634  |a BIBING  |b BIBING  |c RES  |d 2019-11-21  |h v.1  |i 4742435  |o 530 RES 2002  |p 4742435  |r 2025-01-20  |w 2019-11-21  |y BK  |k CCL 
952 |0 0  |1 2  |2 ddc  |4 0  |6 530_000000000000000_RES_2002  |7 0  |8 A  |9 371635  |a BIBING  |b BIBING  |d 2019-11-21  |h v.2  |i 4742443  |o 530 RES 2002  |p 4742443  |r 2019-11-21  |w 2019-11-21  |y BK  |k CCL 
952 |0 0  |1 0  |2 ddc  |4 0  |6 530_000000000000000_RES_2002  |7 0  |8 A  |9 371636  |a BIBING  |b BIBING  |c RES  |d 2019-11-21  |h v.2  |i 4742451  |o 530 RES 2002  |p 4742451  |r 2025-01-20  |w 2019-11-21  |y BK  |k CCL 
952 |0 0  |1 0  |2 ddc  |4 0  |6 530_000000000000000_RES_2002  |7 0  |8 A  |9 371637  |a BIBING  |b BIBING  |c RES  |d 2019-11-21  |h v.2  |i 474246K  |l 1  |o 530 RES 2002  |p 474246K  |r 2025-01-20  |s 2024-05-03  |w 2019-11-21  |y BK  |k CCL 
952 |0 0  |1 0  |2 ddc  |4 0  |6 530_000000000000000_RES_2002  |7 0  |8 A  |9 371638  |a BIBING  |b BIBING  |c RES  |d 2019-11-21  |h v.1  |i 4887018  |o 530 RES 2002  |p 4887018  |r 2025-01-20  |w 2019-11-21  |y BK  |k ING 
952 |0 0  |1 0  |2 ddc  |4 0  |6 530_000000000000000_RES_2002  |7 0  |8 A  |9 371639  |a BIBING  |b BIBING  |c RES  |d 2019-11-21  |h v.1  |i 4887026  |o 530 RES 2002  |p 4887026  |r 2025-01-20  |w 2019-11-21  |y BK  |k ING 
952 |0 0  |1 0  |2 ddc  |4 0  |6 530_000000000000000_RES_2002  |7 0  |8 A  |9 371640  |a BIBING  |b BIBING  |c RES  |d 2019-11-21  |h v.1  |i 4887034  |o 530 RES 2002  |p 4887034  |r 2025-01-20  |w 2019-11-21  |y BK  |k ING 
952 |0 0  |1 0  |2 ddc  |4 0  |6 530_000000000000000_RES_2002  |7 0  |8 A  |9 371641  |a BIBING  |b BIBING  |c RES  |d 2019-11-21  |h v.2  |i 4887042  |o 530 RES 2002  |p 4887042  |r 2025-01-20  |w 2019-11-21  |y BK  |k ING 
952 |0 0  |1 0  |2 ddc  |4 0  |6 530_000000000000000_RES_2002  |7 0  |8 A  |9 371642  |a BIBING  |b BIBING  |c RES  |d 2019-11-21  |h v.2  |i 4887050  |o 530 RES 2002  |p 4887050  |r 2025-01-20  |w 2019-11-21  |y BK  |k ING 
952 |0 0  |1 0  |2 ddc  |4 0  |6 530_000000000000000_RES_2002  |7 0  |8 A  |9 371643  |a BIBING  |b BIBING  |c RES  |d 2019-11-21  |h v.2  |i 4887069  |o 530 RES 2002  |p 4887069  |r 2025-01-20  |w 2019-11-21  |y BK  |k ING 
952 |0 0  |1 0  |2 ddc  |4 0  |6 530_000000000000000_RES_2002  |7 0  |8 A  |9 371644  |a BIBING  |b BIBING  |c RES  |d 2019-11-21  |h v.1  |i 4934520  |l 1  |o 530 RES 2002  |p 4934520  |r 2025-01-20  |s 2022-04-12  |w 2019-11-21  |y BK  |k EIB 
952 |0 0  |1 0  |2 ddc  |4 0  |6 530_000000000000000_RES_2002  |7 0  |8 A  |9 371645  |a BIBING  |b BIBING  |c RES  |d 2019-11-21  |h v.1  |i 4934539  |l 2  |o 530 RES 2002  |p 4934539  |r 2025-01-20  |s 2024-10-15  |w 2019-11-21  |y BK  |k EIB 
952 |0 0  |1 0  |2 ddc  |4 0  |6 530_000000000000000_RES_2002  |7 0  |8 A  |9 371646  |a BIBING  |b BIBING  |c RES  |d 2019-11-21  |h v.2  |i 4934547  |o 530 RES 2002  |p 4934547  |r 2025-01-20  |w 2019-11-21  |y BK  |k EIB 
952 |0 0  |1 0  |2 ddc  |3 erb  |4 0  |6 530_000000000000000_RES_2002  |7 0  |8 A  |9 371647  |a BIBING  |b BIBING  |c RES  |d 2019-11-21  |h v.1  |i 5021103  |o 530 RES 2002  |p 5021103  |r 2025-01-20  |w 2019-11-21  |y BK  |z Catalogado en:20131018  |k CCI 
952 |0 0  |1 0  |2 ddc  |3 erb  |4 0  |6 530_000000000000000_RES_2002  |7 0  |8 A  |9 371648  |a BIBING  |b BIBING  |c RES  |d 2019-11-21  |h v.1  |i 5021111  |o 530 RES 2002  |p 5021111  |r 2025-01-20  |w 2019-11-21  |y BK  |z Catalogado en:20131018  |k CCI 
952 |0 0  |1 0  |2 ddc  |3 erb  |4 0  |6 530_000000000000000_RES_2002  |7 0  |8 A  |9 371649  |a BIBING  |b BIBING  |c RES  |d 2019-11-21  |h v.1  |i 502112K  |o 530 RES 2002  |p 502112K  |r 2025-01-20  |w 2019-11-21  |y BK  |z Catalogado en:20131018  |k CCI 
952 |0 0  |1 0  |2 ddc  |3 erb  |4 0  |6 530_000000000000000_RES_2002  |7 0  |8 A  |9 371650  |a BIBING  |b BIBING  |c RES  |d 2019-11-21  |h v.1  |i 5021138  |o 530 RES 2002  |p 5021138  |r 2025-01-20  |w 2019-11-21  |y BK  |z Catalogado en:20131018  |k CCI 
952 |0 0  |1 0  |2 ddc  |3 erb  |4 0  |6 530_000000000000000_RES_2002  |7 0  |8 A  |9 371651  |a BIBING  |b BIBING  |c RES  |d 2019-11-21  |h v.1  |i 5021146  |o 530 RES 2002  |p 5021146  |r 2025-01-20  |w 2019-11-21  |y BK  |z Catalogado en:20131018  |k CCI 
952 |0 0  |1 0  |2 ddc  |3 erb  |4 0  |6 530_000000000000000_RES_2002  |7 0  |8 A  |9 371652  |a BIBING  |b BIBING  |c RES  |d 2019-11-21  |h v.2  |i 5021154  |o 530 RES 2002  |p 5021154  |r 2025-01-20  |w 2019-11-21  |y BK  |z Catalogado en:20131018  |k CCI 
952 |0 0  |1 0  |2 ddc  |3 erb  |4 0  |6 530_000000000000000_RES_2002  |7 0  |8 A  |9 371653  |a BIBING  |b BIBING  |c RES  |d 2019-11-21  |h v.2  |i 5021162  |o 530 RES 2002  |p 5021162  |r 2025-01-20  |w 2019-11-21  |y BK  |z Catalogado en:20131018  |k CCI 
952 |0 0  |1 0  |2 ddc  |3 erb  |4 0  |6 530_000000000000000_RES_2002  |7 0  |8 A  |9 371654  |a BIBING  |b BIBING  |c RES  |d 2019-11-21  |h v.2  |i 5021170  |o 530 RES 2002  |p 5021170  |r 2025-01-20  |w 2019-11-21  |y BK  |z Catalogado en:20131018  |k CCI 
952 |0 0  |1 0  |2 ddc  |3 erb  |4 0  |6 530_000000000000000_RES_2002  |7 0  |8 A  |9 371655  |a BIBING  |b BIBING  |c RES  |d 2019-11-21  |h v.2  |i 5021189  |l 1  |o 530 RES 2002  |p 5021189  |r 2025-01-20  |s 2022-04-07  |w 2019-11-21  |y BK  |z Catalogado en:20131018  |k CCI 
952 |0 0  |1 0  |2 ddc  |3 erb  |4 0  |6 530_000000000000000_RES_2002  |7 0  |8 A  |9 371656  |a BIBING  |b BIBING  |c RES  |d 2019-11-21  |h v.2  |i 5021197  |o 530 RES 2002  |p 5021197  |r 2025-01-20  |w 2019-11-21  |y BK  |z Catalogado en:20131018  |k CCI 
952 |0 0  |1 0  |2 ddc  |3 erb  |4 0  |6 530_000000000000000_RES_2002  |7 0  |8 A  |9 371657  |a BIBING  |b BIBING  |c RES  |h v.2  |i 5033950  |o 530 RES 2002  |p 5033950  |r 2025-01-20  |w 2019-11-21  |y BK  |z Catalogado en:20131213  |k EIB 
952 |0 0  |1 0  |2 ddc  |3 erb  |4 0  |6 530_000000000000000_RES_2002  |7 0  |8 A  |9 371658  |a BIBING  |b BIBING  |c RES  |h v.2  |i 5033969  |l 1  |o 530 RES 2002  |p 5033969  |r 2025-01-20  |s 2024-03-11  |w 2019-11-21  |y BK  |z Catalogado en:20131213  |k EIB 
952 |0 0  |1 0  |2 ddc  |3 erb  |4 0  |6 530_000000000000000_RES_2002  |7 0  |8 A  |9 371659  |a BIBING  |b BIBING  |c RES  |h v.2  |i 5033977  |o 530 RES 2002  |p 5033977  |r 2025-01-20  |w 2019-11-21  |y BK  |z Catalogado en:20131213  |k EIB 
952 |0 0  |1 0  |2 ddc  |3 erb  |4 0  |6 530_000000000000000_RES_2002  |7 0  |8 A  |9 371660  |a BIBING  |b BIBING  |c RES  |h v.1  |i 5244080  |l 1  |o 530 RES 2002  |p 5244080  |r 2025-01-20  |s 2023-03-08  |w 2019-11-21  |y BK  |z Catalogado en:20151022  |k EIE 
952 |0 0  |1 0  |2 ddc  |3 erb  |4 0  |6 530_000000000000000_RES_2002  |7 0  |8 A  |9 371661  |a BIBING  |b BIBING  |c RES  |h v.1  |i 5244099  |o 530 RES 2002  |p 5244099  |r 2025-01-20  |w 2019-11-21  |y BK  |z Catalogado en:20151022  |k EIE 
952 |0 0  |1 0  |2 ddc  |3 erb  |4 0  |6 530_000000000000000_RES_2002  |7 0  |8 A  |9 371662  |a BIBING  |b BIBING  |c RES  |h v.1  |i 5244102  |o 530 RES 2002  |p 5244102  |r 2025-01-20  |w 2019-11-21  |y BK  |z Catalogado en:20151022  |k EIE 
952 |0 0  |1 0  |2 ddc  |3 erb  |4 0  |6 530_000000000000000_RES_2002  |7 0  |8 A  |9 371663  |a BIBING  |b BIBING  |c RES  |h v.2  |i 5244110  |o 530 RES 2002  |p 5244110  |r 2025-01-20  |w 2019-11-21  |y BK  |z Catalogado en:20151022  |k EIE 
952 |0 0  |1 0  |2 ddc  |3 erb  |4 0  |6 530_000000000000000_RES_2002  |7 0  |8 A  |9 371664  |a BIBING  |b BIBING  |h v.2  |i 5244137  |o 530 RES 2002  |p 5244137  |r 2025-01-20  |w 2019-11-21  |y BK  |z Catalogado en:20151022  |k EIE 
952 |0 0  |1 0  |2 ddc  |3 erb  |4 0  |6 530_000000000000000_RES_2002  |7 0  |8 A  |9 371665  |a BIBING  |b BIBING  |h v.2  |i 5244129  |l 2  |o 530 RES 2002  |p 5244129  |r 2025-01-20  |s 2022-04-08  |w 2019-11-21  |y BK  |z Catalogado en:20151022  |k EIE